Развитие лидерского потенциала руководителя: монография

Bibliografiske detaljer
Hovedforfatter: Евтихов О. В.
Summary:Монография посвящена проблеме развития лидерского потенциала руководителя в контексте повышения эффективности его профессиональной деятельности как организационного лидера. В ней последовательно рассмотрены зарубежные и отечественные теории лидерства, анализируются структурные компоненты лидерского потенциала, описана авторская социально-психологическая модель развития лидерского потенциала руководителя. Исследование адресовано психологам, педагогам и руководителям.
Sprog:russisk
Udgivet: Москва, Инфра-М, 2014
Serier:Научная мысль
Психология
Fag:
Format: Bog
KOHA link:https://koha.lib.tpu.ru/cgi-bin/koha/opac-detail.pl?biblionumber=264995

MARC

LEADER 00000nam0a2200000 4500
001 264995
005 20231101233900.0
010 |a 9785160098111 
035 |a (RuTPU)RU\TPU\book\287993 
090 |a 264995 
100 |a 20140623d2014 k y0rusy50 ca 
101 0 |a rus 
102 |a RU 
105 |a y z 001zy 
200 1 |a Развитие лидерского потенциала руководителя  |e монография  |f О. В. Евтихов 
210 |a Москва  |c Инфра-М  |d 2014 
215 |a 198 с. 
225 1 |a Научная мысль 
225 1 |a Психология 
320 |a Библиогр.: с. 188-196. 
330 |a Монография посвящена проблеме развития лидерского потенциала руководителя в контексте повышения эффективности его профессиональной деятельности как организационного лидера. В ней последовательно рассмотрены зарубежные и отечественные теории лидерства, анализируются структурные компоненты лидерского потенциала, описана авторская социально-психологическая модель развития лидерского потенциала руководителя. Исследование адресовано психологам, педагогам и руководителям. 
606 1 |a Лидерство  |x Психология  |2 stltpush  |3 (RuTPU)RU\TPU\subj\69873  |9 84547 
610 1 |a социальная психология 
610 1 |a руководители 
610 1 |a управление 
610 1 |a организационное лидерство 
610 1 |a лидерские качества 
610 1 |a имидж 
610 1 |a социально-психологические основы 
610 1 |a история 
610 1 |a Я-концепции 
610 1 |a монографии 
686 |a Ю954  |v LBC/SL-A  |2 rubbk 
700 1 |a Евтихов  |b О. В. 
801 1 |a RU  |b 63413507  |c 20140623 
801 2 |a RU  |b 63413507  |c 20141020  |g RCR 
942 |c BK 
959 |a 89/20140527  |d 1  |e 299,90  |f ЧЗГЛ:1